Départements français sans voyelles - Statistiques

Statistiques générales
  • Ce quiz a été pris 622 fois
  • Le résultat moyen est 72 sur 101
Statistiques - réponses
Hint Réponse % Correct
Nrd Nord
100%
Ps-d-Cls Pas-de-Calais
100%
Crs-d-Sd Corse-du-Sud
95%
Chrnt-Mrtm Charente-Maritime
94%
Gdlp Guadeloupe
94%
Vcls Vaucluse
92%
Smm Somme
88%
Vnd Vendée
87%
Ht-Rhn Haut-Rhin
85%
Drm Drôme
83%
Mrtnq Martinique
83%
Sn-t-Mrn Seine-et-Marne
83%
Vsgs Vosges
83%
Drdgn Dordogne
82%
Ht-Grnn Haute-Garonne
82%
Ht-Lr Haute-Loire
82%
Mn-t-Lr Maine-et-Loire
82%
Srth Sarthe
82%
Trn-t-Grnn Tarn-et-Garonne
82%
Bchs-d-Rhn Bouches-du-Rhône
81%
Ht-Crs Haute-Corse
81%
Sn-Snt-Dns Seine-St-Denis
81%
Cts d'rmr Côtes d'Armor
80%
Ht-Mrn Haute-Marne
80%
Rhn Rhône
80%
Sn-Mrtm Seine-Maritime
80%
Chrnt Charente
79%
Ct-d'r Côte-d'Or
79%
Ht-Sv Haute-Savoie
79%
Hts-Prns Hautes-Pyrénées
79%
Hts-d-Sn Hauts-de-Seine
79%
ll-t-Vln Ille-et-Vilaine
79%
Lr-tlntq Loire-Atlantique
79%
Lt-t-Grnn Lot-et-Garonne
79%
Mrth-t-Msll Meurthe-et-Moselle
79%
Sn-t-Lr Saône-et-Loire
79%
Fnstr Finistère
78%
Lr-t-Chr Loir-et-Cher
78%
Mrbhn Morbihan
78%
Dx-Svrs Deux-Sèvres
77%
Grs Gers
77%
Hts-lps Hautes-Alpes
77%
Msll Moselle
77%
Nvr Nièvre
77%
Trrtr d Blfrt Territoire de Belfort
77%
Bs-Rhn Bas-Rhin
76%
Hrlt Hérault
76%
Lr Loire
76%
Mrn Marne
76%
Prns-tlntqs Pyrénées-Atlantiques
76%
Vl-D's Val-D'Oise
76%
Jr Jura
75%
Vl-d-Mrn Val-de-Marne
75%
Lrt Loiret
74%
Trn Tarn
74%
lps-Mrtms Alpes-Maritimes
73%
Crrz Corrèze
73%
Grd Gard
73%
lps-d-Ht-Prvnc Alpes-de-Haute-Provence
72%
Dbs Doubs
72%
Mnch Manche
72%
Cntl Cantal
71%
Ht-Vnn Haute-Vienne
71%
Lt Lot
71%
Lzr Lozère
71%
Vr Var
71%
Lnds Landes
70%
Clvds Calvados
69%
Vnn Vienne
69%
Chr Cher
68%
Crs Creuse
67%
Ht-Sn Haute-Saône
67%
P-d-Dm Puy-de-Dôme
66%
rdch Ardèche
64%
rdnns Ardennes
64%
ndr-t-Lr Indre-et-Loire
64%
Sv Savoie
64%
Grnd Gironde
63%
Prns-rntls Pyrénées-Orientales
63%
n Ain
62%
ssnn Essonne
62%
Ms Meuse
60%
r-t-Lr Eure-et-Loir
59%
ndr Indre
57%
b Aube
56%
Prs Paris
52%
d Aude
51%
sn Aisne
50%
llr Allier
49%
r Eure
49%
sr Isère
47%
L Rnn La Réunion
46%
rn Orne
46%
Mtt Mayotte
45%
s Oise
40%
Mnn Mayenne
39%
rg Ariège
37%
vlns Yvelines
37%
vrn Aveyron
36%
Gn Guyane
34%
nn Yonne
32%
Aucun quiz correspondant
Distribution des résultats
% des personnes avec chaque résultat
Percentile par nombre de réponses
Votre historique - résultats
Vous n’avez pas pris ce quiz